00459nam a2200145Ia 4500008004100000020001800041100002100059245003600080260003000116500002400146650003500170942000700205952008400212999001700296230524s9999 xx 000 0 und d a9788172540311 aKay White936682 0aDraft Your Own Business Letters bGoodwill Publishing House aQuantity Number: 1 aPersonality Development936683 cBK 00104070aTATCLbTATCLcGENd2023-05-24l0p45003r2023-05-24w2023-05-24yBK c50702d50702